Strangers from a different shore : (رقم التسجيلة. 119122)

تفاصيل مارك
000 -LEADER
fixed length control field 01107pam a2200349 a 4500
008 - FIXED-LENGTH DATA ELEMENTS--GENERAL INFORMATION
fixed length control field 890119s1998 mauaf b 001 0 eng
010 ## - LIBRARY OF CONGRESS CONTROL NUMBER
LC control number 89002816
020 ## - INTERNATIONAL STANDARD BOOK NUMBER
International Standard Book Number 9780316831093
020 ## - INTERNATIONAL STANDARD BOOK NUMBER
International Standard Book Number 9780316831307
040 ## - CATALOGING SOURCE
Original cataloging agency DLC
Transcribing agency DLC
Modifying agency DLC
043 ## - GEOGRAPHIC AREA CODE
Geographic area code n-us---
050 00 - LIBRARY OF CONGRESS CALL NUMBER
Classification number E184.O6
Item number T35 1998
082 00 - DEWEY DECIMAL CLASSIFICATION NUMBER
Classification number 973/.0495
Edition number 19
092 04 - LOCALLY ASSIGNED DEWEY CALL NUMBER (OCLC)
Classification number 973.0495
Item number T1363 1998
Edition number 21
099 ## - LOCAL FREE-TEXT CALL NUMBER (OCLC)
Classification number 04
-- 973.0495 T1363 1998
100 1# - MAIN ENTRY--PERSONAL NAME
Personal name Takaki, Ronald T.,
Dates associated with a name 1939-2009.
245 10 - TITLE STATEMENT
Title Strangers from a different shore :
Remainder of title a history of Asian Americans /
Statement of responsibility, etc. Ronald Takaki.
250 ## - EDITION STATEMENT
Edition statement 1st ed.
250 ## - EDITION STATEMENT
Edition statement updated and rev. ed.
260 ## - PUBLICATION, DISTRIBUTION, ETC.
Place of publication, distribution, etc. Boston :
Name of publisher, distributor, etc. Little, Brown,
Date of publication, distribution, etc. c1998.
300 ## - PHYSICAL DESCRIPTION
Extent ix, 570 p., [16] p. of plates :
Other physical details ill. ;
Dimensions 24 cm.
500 ## - GENERAL NOTE
General note American Window.
500 ## - GENERAL NOTE
General note Includes bibliographical references.
500 ## - GENERAL NOTE
General note Maps on lining papers.
650 #0 - SUBJECT ADDED ENTRY--TOPICAL TERM
Topical term or geographic name entry element Asian Americans
General subdivision History.
650 #0 - SUBJECT ADDED ENTRY--TOPICAL TERM
Topical term or geographic name entry element Asian Americans
General subdivision Social conditions.
902 ## - LOCAL DATA ELEMENT B, LDB (RLIN)
No. of Items 1
905 ## - LOCAL DATA ELEMENT E, LDE (RLIN)
Cataloger Eman
Reviser Rev.
905 ## - LOCAL DATA ELEMENT E, LDE (RLIN)
Cataloger Jihan
Reviser Cat.
942 ## - ADDED ENTRY ELEMENTS (KOHA)
Source of classification or shelving scheme Dewey Decimal Classification
Koha item type Books
المقتنيات
Source of classification or shelving scheme Not for loan Home library Current library Date acquired Full call number Barcode Date last seen Copy number Koha item type
Dewey Decimal Classification   المكتبة المركزبة الجديدة - جامعة القاهرة قاعة الثقاقات الاجنبية - الدور الثالث 11.02.2024 973.0495 T1363 1998 Am.W. 01000110193805000 05.07.2024 C.1 Books
Cairo University Libraries Portal Implemented & Customized by: Eng. M. Mohamady Contacts: new-lib@cl.cu.edu.eg | cnul@cl.cu.edu.eg
CUCL logo CNUL logo
© All rights reserved — Cairo University Libraries
CUCL logo
Implemented & Customized by: Eng. M. Mohamady Contact: new-lib@cl.cu.edu.eg © All rights reserved — New Central Library
CNUL logo
Implemented & Customized by: Eng. M. Mohamady Contact: cnul@cl.cu.edu.eg © All rights reserved — Cairo National University Library